Collected poems 1909-1962 / (Record no. 76977)
[ view plain ]
| 000 -LEADER | |
|---|---|
| fixed length control field | 00768nam a2200265 a 4500 |
| 001 - CONTROL NUMBER | |
| control field | 76977 |
| 003 - CONTROL NUMBER IDENTIFIER | |
| rucl marc code | BD-RjUL |
| 005 - DATE AND TIME OF LATEST TRANSACTION | |
| control field | 20211209082918.0 |
| 008 - FIXED-LENGTH DATA ELEMENTS--GENERAL INFORMATION | |
| fixed length control field | 200211s1963 enk 001 0 eng d |
| 020 ## - INTERNATIONAL STANDARD BOOK NUMBER | |
| International Standard Book Number | 0571055494 |
| International Standard Book Number | 0571105483 |
| Qualifying information | paperback |
| 035 ## - SYSTEM CONTROL NUMBER | |
| System control number | (BD-RjUL)77201 |
| System control number | 2231602 |
| 040 ## - CATALOGING SOURCE | |
| Original cataloging agency | NZOC |
| Language of cataloging | eng |
| Transcribing agency | NZOC |
| Modifying agency | NZOC |
| -- | BD-RjUL |
| 041 ## - LANGUAGE CODE | |
| Language code of text/sound track or separate title | eng |
| 082 00 - DEWEY DECIMAL CLASSIFICATION NUMBER | |
| Edition number | 23 |
| Classification number | 821.912 |
| Author mark and year | ELC 1963 |
| 100 1# - MAIN ENTRY--PERSONAL NAME | |
| Personal name | Eliot, T. S. |
| Fuller form of name | (Thomas Stearns), |
| Dates associated with a name | 1888-1965. |
| 9 (RLIN) | 239183 |
| 245 10 - TITLE STATEMENT | |
| Title | Collected poems 1909-1962 / |
| Statement of responsibility, etc. | by T.S. Eliot. |
| 260 ## - PUBLICATION, DISTRIBUTION, ETC. (IMPRINT) | |
| Place of publication, distribution, etc. | London [England] : |
| Name of publisher, distributor, etc. | Faber and Faber, |
| Date of publication, distribution, etc. | 1963. |
| 300 ## - PHYSICAL DESCRIPTION | |
| Pagination | 238 p. ; |
| Size | 23 cm. |
| 500 ## - GENERAL NOTE | |
| General note | Includes index. |
| 600 ## - SUBJECT ADDED ENTRY--PERSONAL NAME | |
| Personal name | Eliot, T. S. (Thomas Stearns), |
| Dates associated with a name | 1888-1965 |
| 942 ## - ADDED ENTRY ELEMENTS (KOHA) | |
| Source of classification or shelving scheme | Dewey Decimal Classification |
| Koha item type | Books |
| Lost status | Source of classification or shelving scheme | Damaged status | Not for loan | Collection code | Permanent Location | Current Location | Shelving location | Date acquired | Total Checkouts | Full call number | Date last seen | Copy number | Koha item type |
|---|---|---|---|---|---|---|---|---|---|---|---|---|---|
| Dewey Decimal Classification | Not For Loan | Non-fiction | Central Library, University of Rajshahi | Central Library, University of Rajshahi | Reading Room | 31/10/1968 | 821.912 ELC 1963 | 11/02/2020 | C-1 | Books |